Online
Catalog

Francisco, el santo del amor / (Record no. 19650)

MARC details
000 -CABECERA
campo de control de longitud fija 00859nam a2200241 a 4500
001 - NÚMERO DE CONTROL
campo de control 000020142
005 - FECHA Y HORA DE LA ÚLTIMA TRANSACCIÓN
campo de control 20200929170303.0
008 - DATOS DE LONGITUD FIJA--INFORMACIÓN GENERAL
campo de control de longitud fija 100722s1949 ag r 001 f spa d
040 ## - FUENTE DE LA CATALOGACIÓN
Centro catalogador/agencia de origen DO-SdBNP
Lengua de catalogación spa
Centro/agencia transcriptor BNPHU
082 ## - NÚMERO DE LA CLASIFICACIÓN DECIMAL DEWEY
Número de clasificación 863.
Número de documento/Ítem F973f
049 ## - FONDOS LOCALES (OCLC)
Fondos de biblioteca BNGR
100 1# - ENTRADA PRINCIPAL--NOMBRE DE PERSONA
Nombre de persona Fülöp-Miller, René,
Fechas asociadas al nombre 1891-1963
9 (RLIN) 42716
245 10 - MENCIÓN DE TÍTULO
Título Francisco, el santo del amor /
Mención de responsabilidad, etc. René Fülöp-Miller ; traducción Rómulo Erba.
260 ## - PUBLICACIÓN, DISTRIBUCIÓN, ETC.
Lugar de publicación, distribución, etc. Buenos Aires, Argentina :
Nombre del editor, distribuidor, etc. Espasa-Calpe,
Fecha de publicación, distribución, etc. 1949.
300 ## - DESCRIPCIÓN FÍSICA
Extensión 165 p. ;
Dimensiones 18 cm.
490 1# - MENCIÓN DE SERIE
Mención de serie Austral. Azul : novelas y cuentos en general ;
Designación de volumen o secuencia 930
500 ## - NOTA GENERAL
Nota general Incluye índice de autores.
500 ## - NOTA GENERAL
Nota general Incluye notas al pie de las páginas.
650 #4 - PUNTO DE ACCESO ADICIONAL DE MATERIA--TÉRMINO DE MATERIA
Término de materia o nombre geográfico como elemento de entrada Novela rumana
9 (RLIN) 33651
650 #4 - PUNTO DE ACCESO ADICIONAL DE MATERIA--TÉRMINO DE MATERIA
Término de materia o nombre geográfico como elemento de entrada Literatura rumana
9 (RLIN) 13321
700 1# - PUNTO DE ACCESO ADICIONAL--NOMBRE DE PERSONA
Nombre de persona Erba, Rómulo,
Término indicativo de función/relación tr .
9 (RLIN) 42718
830 #0 - PUNTO DE ACCESO ADICIONAL DE SERIE-TÍTULO UNIFORME
Título uniforme Austral. Azul : novelas y cuentos en general ;
Designación de volumen o secuencia 930
9 (RLIN) 22386
Holdings
Estado de retiro Estado de pérdida Restricciones de uso No para préstamo Código de colección Localización permanente Ubicación/localización actual Ubicación en estantería Fecha de adquisición Número de inventario Total de préstamos Signatura topográfica completa Código de barras Fecha visto por última vez Precio válido a partir de Tipo de ítem Koha
        Monografías: Libros y Folletos General General En catalogación 22.07.2010 LF1   863. F973f 20142-10 25.06.2020 25.06.2020 Préstamo en sala

Powered by Koha